| Поле | Название | Значение |
| |
Тип записи |
a |
| |
Библиографический уровень |
m |
| 001 |
Контрольный номер |
RU/IS/BASE/360952604 |
| 005 |
Дата корректировки |
20201206204807.1 |
| 010 |
Индекс ISBN |
__ |
| a |
ISBN |
978-5-9916-1056-8 |
| d |
Цена |
185-35 |
| 101 |
Язык документа |
__ |
| a |
Язык текста |
rus |
| 200 |
Заглавие и сведения об ответственности |
1_ |
| a |
Заглавие |
Иски и заявления в суд |
| e |
Сведения, относящиеся к заглавию |
часто задаваемые вопросы, образцы заявлений |
| f |
Первые сведения об ответственности |
О. П. Эппель |
| b |
Общее обозначение материала |
Текст |
| 205 |
Сведения об издании |
__ |
| a |
Основные сведения об издании |
3-е изд., перераб. и доп. |
| 210 |
Выходные данные |
__ |
| a |
Место издания |
М. |
| c |
Издательство |
Юрайт |
| d |
Дата издания |
2011 |
| 215 |
Физическое описание |
__ |
| a |
Объем |
228 с. |
| 225 |
Серия |
__ |
| a |
Серия |
Консультации юриста |
| 330 |
Аннотация |
__ |
| a |
Аннотация |
В жизни каждого человека порой возникают конфликтные ситуации, которые могут быть разрешены только с помощью закона. Однако отстоять свои интересы в суде непросто. Предлагаемое издание содержит ответы на наиболее часто задаваемые вопросы, связанные с подачей в суды исков и заявлений. Читатель получит необходимые знания о судебных исках, жалобах, судебных расходах и государственной пошлине, порядке обращения в суд, процессуальных сроках, процедуре самого судебного разбирательства, обжаловании судебных постановлений и др. В книге представлены необходимые образцы документов. |
| 606 |
Тематические рубрики |
__ |
| a |
Основная рубрика |
Гражданское процессуальное право |
| a |
Основная рубрика |
Право |
| z |
Хронологическая подрубрика |
21 в. |
| y |
Географическая подрубрика |
Россия; Российская Федерация; РФ |
| 610 |
Ключевые слова |
__ |
| a |
Ключевые слова |
иски; судебные иски; гражданское судопроизводство; судебные расходы; процессуальные сроки; судебные разбирательства; административные правонарушения; судебные приказы; особое производство; гражданский процесс; обжалование решений судов; надзорное производство; государственные пошлины |
| 686 |
Индексы других классификаций |
__ |
| a |
Классификационный индекс |
67.410.103(2Рос) |
| 700 |
Автор |
_1 |
| a |
Фамилия |
Эппель |
| b |
Имя |
О. П. |
| g |
Полное личное имя |
Ольга Петровна |
| 4 |
Код отношения |
070 |
| 801 |
Источник записи |
_0 |
| a |
Страна |
RU |
| b |
Организация |
Муниципальное бюджетное учреждение культуры "Централизованная библиотечная система" г. Сургут (Центральная городская библиотека им. А. С. Пушкина) |
| g |
Правила каталогизации |
КиК/Котельникова |
| 801 |
Источник записи |
_1 |
| a |
Страна |
RU |
| b |
Организация |
Муниципальное бюджетное учреждение культуры "Централизованная библиотечная система" г. Сургут (Центральная городская библиотека им. А. С. Пушкина) |
| g |
Правила каталогизации |
КиК/Котельникова |
| 852 |
Данные о местонахождении |
__ |
| j |
Шифр хранения |
67.410.103(2Рос) |
| i |
Авторский знак |
Э 72 |
| 901 |
Тип документа |
__ |
| t |
Тип документа |
m |
| 903 |
Характеристики (МАРС) |
__ |
| a |
Дата передачи |
20110609 |
| 990 |
Данные о заказе (DOS) |
__ |
| j |
Количество экземпляров (DOS) |
1 |
| t |
N записи в КСУ для И/У (DOS) |
201107 |